| 000 | 01188nam a22002777a 4500 | ||
|---|---|---|---|
| 005 | 20250703144452.0 | ||
| 007 | cr |||aaa||||| | ||
| 008 | 250617s2018 ck|abdofoz||| 001 e spa d | ||
| 020 | _a9789587227000 | ||
| 040 |
_aMX-MxUPN _bspa _cMX-MxUPN _eaacr2 |
||
| 041 | _aspa | ||
| 050 | _a H62 | ||
| 100 |
_aGutiérrez Giraldo, Martha Cecilia _957025 |
||
| 100 | 1 |
_aPagès, Joan _948974 |
|
| 245 |
_aPensar para intervenir en la solución de las injusticias sociales : _bla justicia y el pensamiento social en la enseñanza de las ciencias sociales _h[recurso electrónico en línea] |
||
| 260 |
_aPereira, Colombia : _bUniversidad Tecnológica de Pereira, Facultad de Ciencias de la Educación, _c2018 |
||
| 300 |
_a1 recurso electrónico (142 páginas) : _bPDF |
||
| 490 | _aTrabajos de Investigación | ||
| 500 | _aIncluye bibliografía | ||
| 650 | 4 |
_aCiencias sociales _xEstudio y enseñanza _96678 _zColombia |
|
| 650 | 4 |
_aPluralismo cultural _xEstudio y enseñanza _950075 _zColombia |
|
| 650 | 4 |
_aJusticia social _xEstudio y enseñanza _zColombia _952720 |
|
| 856 | _uhttps://hdl.handle.net/11059/14510 | ||
| 902 | _aMaiella Martínez / 17062025 | ||
| 942 |
_2lcc _cLIBRO-E |
||
| 999 |
_c213540 _d213540 |
||